000 00881cab a2200253 4500
001 84064
008 090401t1997 xxu||||| |||| 00| 0 eng d
035 _a(Sirsi) u78453
041 _aeng
245 _aDecision prevents new farmhouse
260 _c1997
350 _a0
490 _aTimes
_v20 May 1997, 41(1)
520 _aConsiders a High Court planning decision which refused a farmer permission for a new farmhouse because it was too far away from the site of the existing house. It suffers from high noise levels from close proximity to the M1. Looks at the planning policy which led to the decision.
650 _aFARMHOUSES
650 _aOPEN COUNTRYSIDE
650 _aPLANNING PERMISSION
650 _aPLANNING POLICY
650 _aREFUSAL
650 _aREPLACEMENT DWELLING
690 _aPLANNING LAW AND PRACTICE
942 _n0
948 _c21/05/1997
999 _c49361
_d49361